Strukturation und Apperzeption des Konkreten

Bibliographic Details
Main Author: Hrušovský, Igor, 1907-1978 (Author)
Other Authors: Štítna, Magda (Translator)
Format: Book
Language:German
Slovak
PhysicalDescription:153 [6] s. 8°
Published: Bratislava Vydavateľstvo Slovenskej akadémie vied 1966
Edition:1. vyd.
Subjects:

MARC

LEADER 00000nam a2200000 a 4500
001 vtls010231053
003 SK-MaSNL
005 20260301131726.0
008 250312s1966 xo g 001 0 ger
015 |a SNBA1965 
035 |a 11712DD0-9ADE-4DCA-9046-EB08C2E1E3B1 
035 |a urn:nbn:sk:snk-amyc4m 
035 |a urn:nbn:sk:snk-am00cg9x 
040 |a SNK  |b slo  |c SNK  |e AACR2 
041 1 |a ger  |h slo 
044 |a xo  |c SK 
080 |a 165  |2 2011 
100 1 |a Hrušovský, Igor,  |d 1907-1978  |4 aut  |9 38412 
245 1 0 |a Strukturation und Apperzeption des Konkreten  |c Igor Hrušovský ; [aus dem Slowakischen] übersetzt von Magda Štítna 
250 |a 1. vyd. 
260 |a Bratislava  |b Vydavateľstvo Slovenskej akadémie vied  |c 1966 
300 |a 153 [6] s.  |c 8° 
366 |e 700 výt. 
650 0 7 |a teória poznania  |2 SNKPH  |9 879 
650 0 7 |a dialektika  |2 SNKPH  |9 17838 
650 0 7 |a kritický realizmus (filozofia)  |2 SNKPH  |9 161240 
655 7 |a monografie  |2 SNKPH  |9 70139 
700 1 |a Štítna, Magda  |4 trl  |9 383542 
852 |a Slovenská národná knižnica 
958 |a OND 
999 |c 748939  |d 750869 
952 |a SNK  |b SNK  |y VYP  |7 0  |p 17A0951614  |o snkSD 30795 D1  |i snkKSP 2489/67  |0 0  |1 0  |4 0  |d 2013-08-16  |l 0  |r 2026-02-23 23:24:17  |w 2026-02-23 
952 |a SNK  |b SNK  |y PREZ  |7 0  |p 17A1185873  |o snkSD 30795  |i snkKSP 2488/67  |0 0  |1 0  |4 0  |d 2013-08-16  |f 1  |l 0  |r 2026-02-23 23:24:17  |w 2026-02-23